[Event "Cesenatico op 15th"]
[Site "Cesenatico"]
[Date "2011.09.07"]
[Round "6"]
[White "Viola, Mario"]
[Black "Friedrich, Norbert"]
[Result "0-1"]
[WhiteElo "1988"]
[BlackElo "2311"]
[PlyCount "100"]
[EventDate "2011.09.03"]
[EventType "swiss"]
[EventRounds "9"]
[EventCountry "ITA"]
[SourceTitle "CBM 144 Extra"]
[Source "ChessBase"]
[SourceDate "2011.10.28"]
[SourceVersion "1"]
[SourceVersionDate "2011.10.28"]
[SourceQuality "1"]

1. d4 d5 2. Nf3 Nf6 3. e3 c5 4. c3 e6 5. Nbd2 Nc6 6. Bd3 Bd6 7. 0-0 0-0 8. e4 cxd4 9. cxd4 dxe4 10. Nxe4 Be7 11. Be3 Nd5 12. Nc3 Ncb4 13. Bb1 b6 14. a3 Nxc3 15. bxc3 Nd5 16. Qd3 g6 17. Bd2 Bb7 18. Re1 Rc8 19. Ne5 Bg5 20. c4 Nf4 21. Bxf4 Bxf4 22. g3 Bxe5 23. Rxe5 Qc7 24. Ba2 Rfd8 25. Rae1 Ba6 26. d5 exd5 27. Rxd5 Rxd5 28. Qxd5 Bb7 29. Qd3 Rd8 30. Qe3 Qc6 31. f3 Qxf3 32. Qxf3 Bxf3 33. Re3 Rd1+ 34. Kf2 Bg4 35. Bb3 Rd2+ 36. Kg1 Bh3 37. Rc3 Rg2+ 38. Kh1 Rb2 39. Bc2 Ra2 40. Kg1 Ra1+ 41. Kf2 Rc1 42. Ke3 Bf5 43. Kd2 Rxc2+ 44. Rxc2 Bxc2 45. Kxc2 Kf8 46. Kc3 Ke7 47. Kb4 Kd6 48. Kb5 f5 49. Ka6 g5 50. a4 f4 0-1

[Event "ITA-ch Seniors 32nd"]
[Site "Arvier"]
[Date "2010.04.27"]
[Round "9"]
[White "Giani, Franco"]
[Black "Viola, Mario"]
[Result "1-0"]
[WhiteElo "1985"]
[BlackElo "2065"]
[PlyCount "97"]
[EventDate "2010.04.18"]
[EventType "swiss"]
[EventRounds "9"]
[EventCountry "ITA"]
[SourceTitle "EXT 2024"]
[Source "ChessBase"]
[SourceDate "2023.10.10"]
[SourceVersion "1"]
[SourceVersionDate "2023.10.10"]
[SourceQuality "1"]

1. e4 c5 2. Nf3 e6 3. c3 Ne7 4. d4 Ng6 5. Be3 cxd4 6. cxd4 d6 7. Nc3 Be7 8. Bd3 Nd7 9. 0-0 0-0 10. Rc1 a6 11. a3 e5 12. Nd5 exd4 13. Bxd4 Nge5 14. Be2 Nc6 15. Nxe7+ Qxe7 16. Be3 Rd8 17. Qc2 Nde5 18. Nd4 Bd7 19. h3 Nxd4 20. Bxd4 Nc6 21. Bc3 Be6 22. f4 f6 23. Rf3 Bf7 24. Rg3 Re8 25. Bd3 Bg6 26. Re1 d5 27. f5 Bf7 28. Qf2 Qd6 29. Bd2 dxe4 30. Bh6 exd3 31. Rxg7+ Kh8 32. Rxf7 Rxe1+ 33. Qxe1 Qe5 34. Qh4 Qd4+ 35. Qxd4 Nxd4 36. Rxf6 Rd8 37. Kf2 Kg8 38. Bg5 Rd5 39. g4 Kg7 40. Rb6 Nxf5 41. Rxb7+ Kg6 42. Bd2 Nd6 43. Rb6 h5 44. Rxa6 hxg4 45. hxg4 Kf7 46. Ra4 Re5 47. Be3 d2 48. Rd4 Nc4 49. Bxd2 1-0

[Event "ITA-ch Seniors 32nd"]
[Site "Arvier"]
[Date "2010.04.18"]
[Round "1"]
[White "Viola, Mario"]
[Black "D'Aulisa, Francesco"]
[Result "1-0"]
[WhiteElo "2065"]
[BlackElo "1741"]
[PlyCount "55"]
[EventDate "2010.04.18"]
[EventType "swiss"]
[EventRounds "9"]
[EventCountry "ITA"]
[SourceTitle "EXT 2024"]
[Source "ChessBase"]
[SourceDate "2023.10.10"]
[SourceVersion "1"]
[SourceVersionDate "2023.10.10"]
[SourceQuality "1"]

1. d4 e6 2. Nf3 d6 3. e4 a6 4. Bd3 h6 5. c4 Nd7 6. Nc3 Ne7 7. Be3 b6 8. 0-0 Bb7 9. e5 g5 10. exd6 cxd6 11. Re1 Rg8 12. Be4 Bxe4 13. Nxe4 Ng6 14. Nfd2 f5 15. Bxg5 hxg5 16. Nxd6+ Bxd6 17. Rxe6+ Be7 18. Qh5 Nf6 19. Qxg5 Qxd4 20. Rae1 0-0-0 21. Qxf5 Kb8 22. Nb3 Qg4 23. Rxb6+ Ka7 24. Qa5 Qxc4 25. g3 Bd6 26. Rc1 Qe2 27. Nd4 Qd3 28. Nc6+ 1-0